Минерально-фазовый состав атмосферных выпадений в окрестностях коксохимического завода и ГРЭС (г. Кемерово); Углехимия и экология Кузбасса

Podrobná bibliografie
Parent link:Углехимия и экология Кузбасса.— 2018.— С. 50
Hlavní autor: Кирина В. Д. Валерия Дмитриевна
Korporativní autor: Национальный исследовательский Томский политехнический университет Инженерная школа природных ресурсов Отделение геологии
Další autoři: Таловская А. В. Анна Валерьевна
Shrnutí:Заглавие с экрана
The article presents the results of a study of the dust load and mineral composition in the insolubleparticles of snow collected within Kemerovo coal-fired power plant and coke plant. The results showsthat dust load value tends to be higher in the impacted areas of the plants. The mineralogy shows aprevalence of anthropogenic particles in the samples
Информативным объектом изучения состава атмосферных выпадений является снеговой покров. В данной работе представлены результаты оценки взаимосвязи пылевой нагрузки, минерально-фазового и гранулометрического состава твердой фазы снега из окрестностей коксохимического завода и ГРЭС в г. Кемерово.
Режим доступа: по договору с организацией-держателем ресурса
Jazyk:ruština
Vydáno: 2018
Témata:
On-line přístup:https://elibrary.ru/item.asp?id=36568493
Médium: Elektronický zdroj Kapitola
KOHA link:https://koha.lib.tpu.ru/cgi-bin/koha/opac-detail.pl?biblionumber=659637

MARC

LEADER 00000naa0a2200000 4500
001 659637
005 20251223112106.0
035 |a (RuTPU)RU\TPU\network\28304 
035 |a RU\TPU\network\28076 
090 |a 659637 
100 |a 20190312d2018 k y0rusy50 ca 
101 0 |a rus 
102 |a RU 
135 |a drcn ---uucaa 
181 0 |a i  
182 0 |a b 
200 1 |a Минерально-фазовый состав атмосферных выпадений в окрестностях коксохимического завода и ГРЭС (г. Кемерово)  |f В. Д. Кирина, А. В. Таловская 
203 |a Текст  |c электронный 
300 |a Заглавие с экрана 
330 |a The article presents the results of a study of the dust load and mineral composition in the insolubleparticles of snow collected within Kemerovo coal-fired power plant and coke plant. The results showsthat dust load value tends to be higher in the impacted areas of the plants. The mineralogy shows aprevalence of anthropogenic particles in the samples 
330 |a Информативным объектом изучения состава атмосферных выпадений является снеговой покров. В данной работе представлены результаты оценки взаимосвязи пылевой нагрузки, минерально-фазового и гранулометрического состава твердой фазы снега из окрестностей коксохимического завода и ГРЭС в г. Кемерово. 
333 |a Режим доступа: по договору с организацией-держателем ресурса 
463 1 |t Углехимия и экология Кузбасса  |o сборник тезисов докладов VII Международного Российско-Казахстанского Симпозиума, Кемерово, 7-10 октября 2018  |v С. 50  |d 2018 
610 1 |a электронный ресурс 
610 1 |a труды учёных ТПУ 
610 1 |a минерально-фазовый состав 
610 1 |a атмосферные осадки 
610 1 |a атмосферные выпадения 
610 1 |a Кемерово 
700 1 |7 ca  |8 rus  |a Кирина  |b В. Д.  |g Валерия Дмитриевна  |f 1997-  |c эколог  |c эксперт Томского политехнического университета  |y Томск  |9 88898 
701 1 |a Таловская  |b А. В.  |c геохимик  |c профессор Томского политехнического университета, доктор геолого-минералогических наук  |f 1983-  |g Анна Валерьевна  |3 (RuTPU)RU\TPU\pers\26173  |9 11982 
712 0 2 |a Национальный исследовательский Томский политехнический университет  |b Инженерная школа природных ресурсов  |b Отделение геологии  |3 (RuTPU)RU\TPU\col\23542 
801 2 |a RU  |b 63413507  |c 20190312  |g RCR 
850 |a 63413507 
856 4 |u https://elibrary.ru/item.asp?id=36568493 
942 |c CF